Je suis Rois (Registro nro. 318783)
[ vista simple ]
| 000 -ENCABEZADO | |
|---|---|
| Número de control [NR] | 01735nam a22002777a 4500 |
| 005 - FECHA Y HORA DE LA ÚLTIMA TRANSACCIÓN | |
| control field | 20210429093931.0 |
| 008 - DE LONGITUD FIJA DE DATOS DE ELEMENTOS - INFORMACIÓN GENERAL | |
| Elementos de longitud fija [NR] | 210429s1926 fr |||fr|||| 001 f fre d |
| 040 ## - FUENTE DE CATALOGACION [NR] | |
| Quien Cataloga | Sandra Yazo |
| Quien Clasifica | Sandra Yazo |
| 041 0# - CODIGO DE IDIOMA [R] | |
| Código de idioma para texto/pista de sonido o título separado [R] | Francés |
| 082 04 - NUMERO DE CLASIFICACION DECIMAL DEWEY [R] | |
| Número de la edición [NR] | 20 |
| Número de clasificación [R] | 846 |
| 092 ## - SIGNATURA TOPOGRAFICA LOCAL | |
| Número de clasificación local | E51N039 |
| 100 1# - ASIENTO PRINCIPAL--NOMBRE PERSONAL [NR] | |
| Nombre personal [NR] | Reynès-Monlaur, Marie |
| Fechas asociadas con el nombre [NR] | 1866-1940 |
| ID Autoridad | 103222 |
| 242 00 - TRADUCCION DEL TITULO POR LA AGENCIA CATALOGADORA [R] | |
| Título [NR] | Soy Rey |
| Parte restante del título [NR] | Marie-Adèle-Louise-Eugénie Reynès-Monlaur |
| Código de idioma del título traducido [NR] | spa |
| 245 10 - MENCION DE TITULO [NR] | |
| Título [NR] | Je suis Rois |
| Parte restante del título [NR] | M. Reinès-Monlaur |
| 260 ## - PUBLICACION, DISTRIBUCION, ETC. (PIE DE IMPRENTA) [R] | |
| Lugar de publicación, distribución, etc. [R] | París (Francia) |
| Nombre del editor, distribuidor, etc. [R] | Librairie Plon ; Les petits-fils de Plon et Nourrit imprimeurs-éditeurs [Librería Plon ; Nietos de Plon-Nourrit, impresores-editores] |
| Fecha de publicación, distribución, etc. [R] | 1926 |
| 300 ## - DESCRIPCION FISICA [R] | |
| Extensión [R] | 232 páginas |
| Dimensiones [R] | 19 x 12 cms. |
| 500 ## - NOTA GENERAL [R] | |
| Nota general [NR] | Detalles: Encuadernación blanda (rústica) en tapas y lomo de cartulina impresa en tapa delantera (dos tintas) con datos de la obra y antigua marca tipográfica; también en tapa posterior. Anteportada. Portada impresa en una sola tinta, con variante de marca tipográfica anterior. Texto impreso en una sola columna, con diferentes tipos de letra. Índice. Deterioro en papel del lomo. Papel oxidado. La mayoría de las hojas sin refilar. Páginas 229-232, desprendidas |
| 505 0# - NOTA DE CONTENIDO CON FORMATO PREESTABLECIDO [R] | |
| Nota de contenido con formato preestablecido [NR] | Primera noche de Navidad ; El peso del día y del calor ; Un hombre dijo en el camino ; María Magdalena ; Al caer la tarde, estaba solo ; Y agachándose, escribía en la arena ; Soy Rey ; Los pobres ; Entre gobernantes romanos ; Tres cimas ; La flor de su reino |
| 506 ## - NOTA DE RESTRICCIONES DE ACCESO [R] | |
| Condiciones de acceso [NR] | Consulta en sala |
| 546 ## - NOTA DE IDIOMA [R] | |
| Nota de idioma [NR] | Texto en francés |
| 650 #7 - ASIENTO SECUNDARIO DE MATERIA - TERMINO TEMATICO [R] | |
| Término temático o nombre geográfico como elemento de entrada [NR] | Literatura francesa |
| Subdivisión cronológica [R] | Siglo XIX-XX |
| 9 (RLIN) | 103223 |
| 650 #7 - ASIENTO SECUNDARIO DE MATERIA - TERMINO TEMATICO [R] | |
| 9 (RLIN) | 12177 |
| Término temático o nombre geográfico como elemento de entrada [NR] | Cristianismo en la literatura |
| 650 #7 - ASIENTO SECUNDARIO DE MATERIA - TERMINO TEMATICO [R] | |
| 9 (RLIN) | 19891 |
| Término temático o nombre geográfico como elemento de entrada [NR] | Mujeres como autoras |
| 690 ## - ASUNTO AGREGADO LOCAL DE ENTRADA - TÉRMINO TEMÁTICO (OCLC, RLIN) | |
| Acceso temático local | Literatura europea |
| 9 (RLIN) | 26524 |
| 942 ## - ELEMENTOS DE ENTRADA AGREGADOS (KOHA) | |
| Sistema de clasificación | LOCAL |
| Tipo de ítem principal el descrito en 300a | Libro |
| Edición | 1 |
| Clasificación | E51N039 |
| Suprimido | Perdido | Sistema de clasificación | Dañado | No prestable | Tipo de ítem específico | Ubicación habitual | Ubicación actual | Localización | Fecha de creación | Forma de adquisición | Costo | Signatura topográfica | Código de barras | Última vez visto | Ejemplar | Price effective from | Tipo de ítem |
|---|---|---|---|---|---|---|---|---|---|---|---|---|---|---|---|---|---|
| LOCAL | Libro archivo | Archivo Histórico | Archivo Histórico | Archivo histórico | 29/04/2021 | Donación | 0.00 | E51N039 | L010609 | 29/04/2021 | Ej.1 | 29/04/2021 | Libro |